Historia de la filosofía : filosofía antigua y medieval /

Guardado en:
Detalles Bibliográficos
Autor principal: Messer, Augusto (autor)
Otros autores: Zubiri, Xavier (traducción) (traducción)
Formato: Libro
Idioma:Español
Publicado: Buenos Aires, Argentina : Espasa-Calpe, 1941, c1941
Edición:2a edición
Colección:(Biblioteca Filosófica Espasa-Calpe. Historia de la Filosofía)
Temas:
Etiquetas: Agrega una etiqueta
Sin etiquetas, Sé el primero en etiquetar este registro!

MARC

LEADER 00000nam^a2200000^a^4500
001 000000971
005 20250521000000.0
009 20260310083048.569
037 |a Acervo ITESO - Biblioteca 
041 |a ESP 
082 |a 140. 9  |b MES V. 1 
100 |a Messer, Augusto  |e (autor) 
240 1 1 |a [Historia de la filosofía, de Augusto Messer] 
245 1 0 |a Historia de la filosofía :  |b filosofía antigua y medieval /  |c A. Messer ; tr. por X. Zubiri. 
250 |a 2a edición 
264 4 |a Buenos Aires, Argentina :  |b Espasa-Calpe,  |c 1941, c1941 
300 |a 307 p. 
336 |a texto  |b txt  |2 rdacontenido 
337 |a sin mediación  |b n  |2 rdamedio 
338 |a volumen  |b nc  |2 rdasoporte 
440 1 |a (Biblioteca Filosófica Espasa-Calpe.  |p Historia de la Filosofía) 
649 |a XX 
650 |a Filosofía -  |x Historia y Crítica 
650 |a Socráticos 
650 |a Escuela Platónica (Academia) 
650 |a Escuela Aristotélica (Liceo) 
650 |a Filosofía Griega 
650 |a Filosofía Latina 
650 |a Filosofía Clásica -  |x Historia y Crítica -  |x Tema Principal 
650 |a Patrística 
650 |a Escolástica 
650 |a Filosofía Medieval 
650 |a Filosofía 
700 |a Zubiri, Xavier  |e (traducción) 
910 |a Fondo General 
920 |a Impresos - Libros 
930 |a Colección General 
905 |a 101 
901 |a 0009710100  |b IT1  |c ACC  |i 000971  |u 20250521 
902 |a https://opac.biblio.iteso.mx/vufind/Record/000000971